Abogados y justicia social Derecho de interš pb︢lico y cln̕icas jurd̕icas /

Detalles Bibliográficos
Autor principal: Bonilla Maldonado, Daniel
Formato: eBook
Lenguaje:español
Publicado: Bogot:̀ Siglo del Hombre Editores, 2018
Materias:
Acceso en línea:Acceso restringido

MARC

LEADER 00000nam a22000007a 4500
005 20210427224735.0
007 cr|||| ||||
008 210427s2018 co |||||s|||| 00||0 spa d
020 |a 978-958-665-495-1 
035 |a 33236 
040 |a vLex 
090 |c 11538  |d 11538 
100 1 |a Bonilla Maldonado, Daniel 
245 1 0 |a Abogados y justicia social  |h [Recurso electrn̤ico] :  |b Derecho de interš pb︢lico y cln̕icas jurd̕icas /  |c Daniel Bonilla Maldonado 
256 |a Servicio en ln̕ea 
260 |a Bogot:̀  |b Siglo del Hombre Editores,  |c 2018 
300 |a 1 recurso electrn̤ico 
500 |a Los artc̕ulos que se ren︢en en este libro examinan algunos de los elementos centrales del mapa conceptual y prc̀tico donde estǹ situados el derecho de interš pb︢lico y la educacin̤ jurd̕ica experiencial. En el primer grupo se exploran los conceptos, fines y prc̀ticas centrales del derecho de interš pb︢lico contemporǹeo; en el segundo, se exploran los objetivos, mťodos, dinm̀icas y estructuras de los consultorios jurd̕icos. 
506 1 |a Disponible solo en los productos indicados  |d vLex Global  |d vLex Global (Academic Edition, excluding Law Schools)  |d vLex Global (U.S. Academic Edition, Law Schools)  |d vLex Global (U.S. Academic Edition, excluding Law Schools)  |d vLex Global (Academic Edition, Law Schools) 
650 0 4 |a Abogados  |z Colombia 
650 0 4 |a Sociologa̕  |z Colombia 
650 0 4 |a Filosofa̕ y religin̤  |z Colombia 
740 0 |a vLex Libros (Servicio en ln̕ea) 
856 4 0 |u https://vlex.com/source/abogados-y-justicia-social-derecho-de-interes-publico-y-clinicas-juridicas-33236  |z Acceso restringido 
942 |c BOOK 
999 0 |a Lawyers 
999 0 |a Sociology 
999 0 |a Philosophy and religion